| 000 | 00385nam a2200133 4500 | ||
|---|---|---|---|
| 999 |
_c2933 _d2933 |
||
| 008 | 200318b ||||| |||| 00| 0 eng d | ||
| 082 | 0 | 0 |
_a621.39 _bT747 |
| 100 |
_92536 _aTownsend, R. |
||
| 245 | 1 | 0 |
_aDigital computer structure and design / _cby R. Townsend |
| 260 |
_aLondon _bNewnes Butterworths _c1978 |
||
| 300 | _a244 p. | ||
| 650 | 0 | _aElectronic Digital Computers | |
| 942 |
_2ddc _cBK |
||